000 00639nam a22002297a 4500
001 00028593
005 20260319144229.0
008 260319b ag ||||| |||| 00| 0 spa d
020 _a8448706544
040 _aAR-CcCEOS
_bspa
_cAR-CcCEOS
041 _aspa
080 _a820-3
090 _bWAR
100 1 _aWarner, Rex,
_d1905-1986
_9924
245 _aEl joven César /
_cRex Warner
264 _aBarcelona :
_bEdhasa,
_cc1987.
300 _a287 p. ;
_c24x15 cm.
490 _vNovela histórica ; 16
655 0 _aliteratura inglesa
_vnovela
_9904
942 _2udc
_cBK
_n0
999 _c28623
_d28623